[Event "SF Gerresheim 1 - SK Münster 1"]
[Site "Oberliga NRW 2017/2018"]
[Date "2017.10.15"]
[Round "2.4"]
[White "Kooijmans, Jermo"]
[Black "Wolter, Kai"]
[Result "0-1"]
[WhiteElo "2279"]
[BlackElo "2202"]
[PlyCount "70"]
[EventDate "2017.??.??"]
[WhiteTeam "SF Gerresheim 1"]
[BlackTeam "SK Münster 1"]

1. e4 c5 2. Nf3 e6 3. d4 cxd4 4. Nxd4 Nf6 5. Nc3 d6 6. g4 h6 7. h3 a6 8. Bg2 g5
9. Qe2 Nbd7 10. Be3 Ne5 11. O-O-O Nfd7 12. f4 gxf4 13. Bxf4 b5 14. Kb1 Bb7 15.
Nf3 Qc7 16. Nxe5 Nxe5 17. Qf2 Bg7 18. Bxe5 Bxe5 19. Ne2 O-O-O 20. Rhf1 Rd7 21.
Nf4 Rhd8 22. a3 Kb8 23. Nd3 Bg7 24. Qe3 Rc8 25. Rf2 Qc4 26. Nf4 b4 27. Rd3 bxa3
28. bxa3 Rc5 29. Kc1 Rdc7 30. Rxd6 Qa2 31. Rd8+ Bc8 32. Kd1 Bf6 33. Re8 Qb1+
34. Qc1 Rd7+ 35. Nd3 Rxd3+ 0-1

[Event "SF Gerresheim 1 - SK Münster 1"]
[Site "Oberliga NRW 2017/2018"]
[Date "2017.10.15"]
[Round "2.5"]
[White "Chilla, Jan Eric"]
[Black "Volkov, Mykyta"]
[Result "1-0"]
[WhiteElo "2196"]
[BlackElo "2178"]
[PlyCount "141"]
[EventDate "2017.??.??"]
[WhiteTeam "SK Münster 1"]
[BlackTeam "SF Gerresheim 1"]

1. Nf3 Nf6 2. g3 d5 3. Bg2 e6 4. O-O Be7 5. b3 O-O 6. c4 d4 7. e3 c5 8. exd4
cxd4 9. d3 Nc6 10. Re1 Ne8 11. Ba3 f6 12. Bxe7 Qxe7 13. Nbd2 e5 14. a3 a5 15.
Qc2 Be6 16. Qb2 Nc7 17. Re2 Na6 18. Ne1 Rfe8 19. f4 Bg4 20. Ndf3 Qd6 21. fxe5
fxe5 22. Rf2 Qe7 23. Nd2 Nc5 24. Ne4 Rf8 25. Nxc5 Qxc5 26. Rxf8+ Rxf8 27. Qd2
Kh8 28. Nc2 Bf3 29. b4 Qe7 30. Rf1 Bxg2 31. Rxf8+ Qxf8 32. Kxg2 axb4 33. axb4
h6 34. Qe1 Qf5 35. Qe2 Qg5 36. b5 Nd8 37. Ne1 Nf7 38. Nf3 Qf6 39. Qe4 b6 40. h4
Qd6 41. Qc6 Qb8 42. Nd2 Nd6 43. g4 h5 44. Ne4 Nxe4 45. Qxe4 hxg4 46. Qxg4 Qa8+
47. Qe4 Qa2+ 48. Kg3 Qb1 49. Kg4 Qf1 50. Qf3 Qg1+ 51. Kf5 Qe3 52. Qa8+ Kh7 53.
Qe4 Qg3 54. Ke6+ Kg8 55. Kd5 Kf8 56. Qf5+ Kg8 57. Qxe5 Qf3+ 58. Kxd4 Qf2+ 59.
Kc3 Qg1 60. Qe8+ Kh7 61. Qe4+ Kg8 62. Qe8+ Kh7 63. Qh5+ Kg8 64. Qg5 Qf2 65. d4
Qe1+ 66. Kd3 Qb1+ 67. Ke3 Qe1+ 68. Kf4 Kh7 69. Qh5+ Kg8 70. Qd5+ Kh8 71. Qa8+
1-0

[Event "SF Gerresheim 1 - SK Münster 1"]
[Site "Oberliga NRW 2017/2018"]
[Date "2017.10.15"]
[Round "2.6"]
[White "Dresen, Ulrich"]
[Black "Kamp, Christoph"]
[Result "1/2-1/2"]
[WhiteElo "2152"]
[BlackElo "2221"]
[PlyCount "113"]
[EventDate "2017.??.??"]
[WhiteTeam "SF Gerresheim 1"]
[BlackTeam "SK Münster 1"]

1. d4 d5 2. Bf4 Nf6 3. e3 Bf5 4. c4 c6 5. Nc3 Nbd7 6. Qb3 Qb6 7. c5 Qxb3 8.
axb3 a6 9. b4 Rc8 10. Be2 h6 11. h3 g5 12. Bh2 Bg7 13. Nf3 O-O 14. Ne5 Nxe5 15.
Bxe5 Nd7 16. Bxg7 Kxg7 17. f4 Nf6 18. g4 Be4 19. Rg1 e6 20. Kd2 Bg6 21. Bd3
Bxd3 22. Kxd3 Rcd8 23. Raf1 Rfe8 24. Rg2 Re7 25. Rgf2 Nh7 26. Ne2 gxf4 27. exf4
Nf6 28. Ng3 Rh8 29. Re1 Kf8 30. Rfe2 Rd7 31. Re5 Rc7 32. f5 exf5 33. Rxf5 Nh7
34. Rfe5 Ng5 35. Re8+ Kg7 36. Nh5+ Kh7 37. Nf6+ Kg7 38. Rxh8 Kxh8 39. Re8+ Kg7
40. Nh5+ Kh7 41. Nf4 Ne4 42. Ke3 Nf6 43. Re5 Ne4 44. Nh5 Kg6 45. Nf4+ Kg7 46.
h4 Nf6 47. Kf3 Ne4 48. g5 hxg5 49. hxg5 Rd7 50. Kg4 Kf8 51. Rf5 Kg7 52. Nh5+
Kg6 53. Nf4+ Kg7 54. Re5 Kf8 55. Rf5 Kg7 56. Nh5+ Kg6 57. Nf4+ 1/2-1/2

[Event "SF Gerresheim 1 - SK Münster 1"]
[Site "Oberliga NRW 2017/2018"]
[Date "2017.10.15"]
[Round "2.7"]
[White "Rott, Georg"]
[Black "Van Lanen, Toon"]
[Result "1-0"]
[WhiteElo "2123"]
[BlackElo "2084"]
[PlyCount "69"]
[EventDate "2017.??.??"]
[WhiteTeam "SK Münster 1"]
[BlackTeam "SF Gerresheim 1"]

1. e4 c5 2. Nf3 Nc6 3. Bb5 Nd4 4. Nxd4 cxd4 5. O-O a6 6. Bc4 e6 7. a4 d6 8. f4
g6 9. Qf3 Bg7 10. f5 Qe7 11. fxe6 Bxe6 12. Na3 O-O-O 13. d3 Nh6 14. Bxe6+ fxe6
15. Qh3 Nf7 16. Nc4 Ne5 17. Nb6+ Kc7 18. a5 Nc6 19. Bd2 Be5 20. Nc4 h5 21. Bf4
Bxf4 22. Rxf4 g5 23. Rf2 g4 24. Qg3 Rdf8 25. Raf1 Rxf2 26. Qxf2 Rh7 27. c3 Qg7
28. Qf4 Qe7 29. cxd4 Nxd4 30. Qf2 Qg7 31. b4 e5 32. Nb6 Qh6 33. Nd5+ Kc6 34.
Qa2 Qe6 35. Qc4+ 1-0

[Event "SF Gerresheim 1 - SK Münster 1"]
[Site "Oberliga NRW 2017/2018"]
[Date "2017.10.15"]
[Round "2.8"]
[White "Koehler, Markus"]
[Black "Virnyi, Julius"]
[Result "1-0"]
[WhiteElo "2056"]
[BlackElo "2063"]
[PlyCount "123"]
[EventDate "2017.??.??"]
[WhiteTeam "SF Gerresheim 1"]
[BlackTeam "SK Münster 1"]

1. c4 Nf6 2. g3 e6 3. Bg2 d5 4. Nf3 Be7 5. O-O O-O 6. b3 d4 7. Bb2 c5 8. e3 Nc6
9. exd4 cxd4 10. Re1 Ne8 11. d3 f6 12. Ba3 e5 13. Bxe7 Qxe7 14. Nbd2 Nc7 15. a3
a5 16. Qc2 Na6 17. Nh4 g5 18. Bd5+ Kg7 19. Ng2 Nc7 20. f4 Bg4 21. fxg5 fxg5 22.
Rf1 Rxf1+ 23. Rxf1 Rf8 24. Ne4 Rxf1+ 25. Kxf1 Qxa3 26. Nxg5 h6 27. Ne4 Qf8+ 28.
Qf2 Bd1 29. Qxf8+ Kxf8 30. Bxc6 bxc6 31. Nc5 Ke7 32. Ke1 Bg4 33. Nb7 Na6 34.
Nxa5 Kd6 35. Nh4 Kc7 36. Ng6 Kd6 37. Nxc6 Nc5 38. Ngxe5 Bf5 39. b4 Nxd3+ 40.
Nxd3 Bxd3 41. Nxd4 Bxc4 42. Nf5+ Kc6 43. Nxh6 Be6 44. Kd2 Kd5 45. Ke3 Kc4 46.
g4 Kxb4 47. g5 Kc5 48. g6 Kd6 49. g7 Ke5 50. g8=Q Bxg8 51. Nxg8 Kf5 52. Kf3 Kg5
53. Kg3 Kh5 54. h4 Kg6 55. Kg4 Kf7 56. Nh6+ Kg6 57. Nf5 Kf6 58. h5 Kf7 59. Kg5
Kg8 60. Kg6 Kh8 61. h6 Kg8 62. Nd6 1-0

[Event "Bahn-SC Wuppertal 1 - SV Mülheim-Nord 2"]
[Site "Oberliga NRW 2017/2018"]
[Date "2017.10.15"]
[Round "2.1"]
[White "Vrolijk, Liam"]
[Black "Savchenko, Vyacheslav"]
[Result "1-0"]
[WhiteElo "2421"]
[BlackElo "2372"]
[PlyCount "81"]
[EventDate "2017.??.??"]
[WhiteTeam "SV Mülheim-Nord 2"]
[BlackTeam "Bahn-SC Wuppertal 1"]

1. d4 d5 2. c4 e6 3. Nf3 c5 4. cxd5 exd5 5. g3 Nc6 6. Bg2 c4 7. O-O Bb4 8. b3
cxb3 9. axb3 Nf6 10. Bd2 Be7 11. Nc3 O-O 12. Bg5 h6 13. Bxf6 Bxf6 14. e3 Be6
15. Qb1 Re8 16. Rc1 Qd7 17. b4 b6 18. Ne1 h5 19. Nd3 g5 20. Qb3 Ne7 21. Qd1 Bg4
22. Qa4 Qf5 23. Qb5 Red8 24. f4 h4 25. Ne5 hxg3 26. hxg3 Qe6 27. e4 gxf4 28.
gxf4 Bxe5 29. fxe5 Qh6 30. Qd3 Kh8 31. Rf1 Rg8 32. Rf6 Qh4 33. Qe3 Rg5 34. Qf2
Qxf2+ 35. Kxf2 Rc8 36. Ra3 dxe4 37. Bxe4 Bh5 38. Rxa7 Kg7 39. Nb5 Ng8 40. Nd6
Rc3 41. Rfxf7+ 1-0

[Event "Bahn-SC Wuppertal 1 - SV Mülheim-Nord 2"]
[Site "Oberliga NRW 2017/2018"]
[Date "2017.10.15"]
[Round "2.3"]
[White "Zwirs, Nico"]
[Black "Savchenko, Aleksij"]
[Result "0-1"]
[WhiteElo "2389"]
[BlackElo "2260"]
[PlyCount "124"]
[EventDate "2017.??.??"]
[WhiteTeam "SV Mülheim-Nord 2"]
[BlackTeam "Bahn-SC Wuppertal 1"]

1. Nf3 Nf6 2. c4 g6 3. Nc3 Bg7 4. e4 d6 5. d4 O-O 6. Be2 e5 7. d5 a5 8. Bg5 Na6
9. Nd2 Qe8 10. g4 Kh8 11. h4 Ng8 12. h5 f5 13. gxf5 gxf5 14. exf5 e4 15. Ndxe4
Bxf5 16. h6 Be5 17. Qd2 Nc5 18. Bh5 Nxe4 19. Nxe4 Qa4 20. Nc3 Qxc4 21. Rh4 Qd3
22. Qxd3 Bxd3 23. O-O-O Bf5 24. Rc4 Nf6 25. Be2 Rac8 26. f4 Bxc3 27. bxc3 Ne4
28. Bh4 b5 29. Rcd4 Nxc3 30. R1d2 Rce8 31. Bh5 Re3 32. Rg2 b4 33. Kd2 Re4 34.
Rxe4 Bxe4 35. Rg7 Nxd5 36. Bf7 c6 37. Bxd5 Bxd5 38. Ke3 Rf7 39. Bd8 Rxg7 40.
hxg7+ Kxg7 41. Bxa5 Bxa2 42. Bxb4 c5 43. Ba5 Kf6 44. Bc7 Ke6 45. f5+ Ke5 46.
Kf3 Bb1 47. f6 Bg6 48. Kg4 c4 49. Kf3 Kd5 50. Ke3 Kc5 51. Bd8 Bf7 52. Ba5 d5
53. Bc3 h5 54. Bd4+ Kb4 55. Kd2 Kb3 56. Bf2 Bg6 57. Bh4 d4 58. Bf2 c3+ 59. Kc1
d3 60. Be1 h4 61. Bxh4 d2+ 62. Kd1 Bh5# 0-1

[Event "Bahn-SC Wuppertal 1 - SV Mülheim-Nord 2"]
[Site "Oberliga NRW 2017/2018"]
[Date "2017.10.15"]
[Round "2.4"]
[White "Bashilin, Roman"]
[Black "Hausrath, Daniel"]
[Result "0-1"]
[WhiteElo "2221"]
[BlackElo "2471"]
[PlyCount "94"]
[EventDate "2017.??.??"]
[WhiteTeam "Bahn-SC Wuppertal 1"]
[BlackTeam "SV Mülheim-Nord 2"]

1. d4 Nf6 2. Nf3 g6 3. Bf4 Bg7 4. e3 O-O 5. h3 d6 6. Be2 c5 7. c3 Be6 8. O-O
Qb6 9. Qc2 Rc8 10. dxc5 Qxc5 11. Nd4 Bd5 12. Nd2 e5 13. N4b3 Qc6 14. Bh2 Bxg2
15. Rfd1 Bxh3 16. Bf3 Qc7 17. Ne4 Nxe4 18. Qxe4 Nc6 19. Nd2 Qe7 20. Bg3 Be6 21.
Qh4 d5 22. Qxe7 Nxe7 23. e4 Rd8 24. exd5 Bxd5 25. Ne4 h6 26. Bg2 Rac8 27. f3 f5
28. Nd2 Nc6 29. Bf2 Bf6 30. Nf1 Be6 31. Ne3 h5 32. Bf1 Rxd1 33. Rxd1 Rd8 34.
Rxd8+ Bxd8 35. Nc4 Bc7 36. a4 Bd5 37. Be2 e4 38. Ne3 Bb3 39. fxe4 fxe4 40. Bc4+
Bxc4 41. Nxc4 Bf4 42. b4 a6 43. Bc5 Ne5 44. Nd6 b6 45. Bxb6 Nf3+ 46. Kf2 Bxd6
47. Ke3 h4 0-1

[Event "Bahn-SC Wuppertal 1 - SV Mülheim-Nord 2"]
[Site "Oberliga NRW 2017/2018"]
[Date "2017.10.15"]
[Round "2.5"]
[White "Buckels, Valentin"]
[Black "Ries, Benjamin"]
[Result "1-0"]
[WhiteElo "2301"]
[BlackElo "2191"]
[PlyCount "81"]
[EventDate "2017.??.??"]
[WhiteTeam "SV Mülheim-Nord 2"]
[BlackTeam "Bahn-SC Wuppertal 1"]

1. d4 d5 2. c4 c6 3. e3 Nf6 4. Nf3 Bg4 5. Nc3 e6 6. Qb3 Qb6 7. Nh4 Nbd7 8. h3
Bh5 9. g4 Bg6 10. Nxg6 hxg6 11. Bg2 Qa6 12. O-O dxc4 13. Qd1 Be7 14. e4 Rd8 15.
g5 Nh7 16. Qg4 c5 17. d5 Ne5 18. Qg3 Nd3 19. Be3 Qd6 20. f4 e5 21. f5 Nf4 22.
Rxf4 exf4 23. Bxf4 Qb6 24. e5 Nxg5 25. d6 Nxh3+ 26. Bxh3 Bh4 27. Qg2 Qc6 28.
fxg6 Qxg2+ 29. Bxg2 Rb8 30. gxf7+ Kxf7 31. Bd5+ Kg6 32. e6 Rbf8 33. Rf1 Bf6 34.
Be4+ Kh5 35. e7 Rb8 36. Nd5 Bxb2 37. d7 Rbg8 38. Kg2 Bf6 39. Nxf6+ gxf6+ 40.
Kf3 Kh4 41. Rh1# 1-0

[Event "Bahn-SC Wuppertal 1 - SV Mülheim-Nord 2"]
[Site "Oberliga NRW 2017/2018"]
[Date "2017.10.15"]
[Round "2.6"]
[White "Khanukov, Boris"]
[Black "van Osch, Mees"]
[Result "0-1"]
[WhiteElo "2242"]
[BlackElo "2284"]
[PlyCount "54"]
[EventDate "2017.??.??"]
[WhiteTeam "Bahn-SC Wuppertal 1"]
[BlackTeam "SV Mülheim-Nord 2"]

1. d4 Nf6 2. Nf3 g6 3. c4 Bg7 4. g3 O-O 5. Bg2 d6 6. Nc3 Nc6 7. O-O e5 8. d5
Nb8 9. e4 a5 10. Bg5 h6 11. Be3 Ng4 12. Bd2 f5 13. Ne1 Na6 14. Nd3 b6 15. f3
Nf6 16. f4 Nb4 17. Nf2 exf4 18. Bxf4 Nh5 19. Bd2 f4 20. g4 f3 21. gxh5 fxg2 22.
Kxg2 Qh4 23. Ne2 Nd3 24. Be3 Nxf2 25. Rxf2 Qxe4+ 26. Kf1 Bh3+ 27. Ke1 Qxe3 0-1

[Event "Bahn-SC Wuppertal 1 - SV Mülheim-Nord 2"]
[Site "Oberliga NRW 2017/2018"]
[Date "2017.10.15"]
[Round "2.7"]
[White "Bus, Tom"]
[Black "Tueckmantel, Rene"]
[Result "1-0"]
[WhiteElo "2096"]
[BlackElo "2089"]
[PlyCount "123"]
[EventDate "2017.??.??"]
[WhiteTeam "SV Mülheim-Nord 2"]
[BlackTeam "Bahn-SC Wuppertal 1"]

1. c4 c5 2. g3 Nf6 3. Bg2 d5 4. cxd5 Nxd5 5. Nc3 Nc7 6. Nf3 Nc6 7. O-O e5 8. a3
Rb8 9. d3 Be7 10. Rb1 O-O 11. Be3 f6 12. b4 Nd4 13. bxc5 Bxc5 14. Bxd4 exd4 15.
Ne4 Bb6 16. Qc2 Nd5 17. Rb5 Be6 18. Nc5 Bf7 19. Nxd4 Nc7 20. Rb4 Bxc5 21. Qxc5
Na6 22. Qxa7 Nxb4 23. axb4 Ra8 24. Qc5 Rc8 25. Qa7 Qd6 26. Rb1 b6 27. Nf5 Rc7
28. Nxd6 Rxa7 29. Nxf7 Kxf7 30. Rc1 Rb8 31. b5 Ke7 32. f4 Rd8 33. Kf2 Ra2 34.
Rc3 Rb2 35. Bc6 Rd6 36. Kf3 f5 37. Ra3 Re6 38. e4 fxe4+ 39. dxe4 Rxh2 40. Ra7+
Kf8 41. e5 Rb2 42. Ra8+ Ke7 43. Re8+ Kf7 44. Rb8 Ke7 45. Rb7+ Kf8 46. Rxb6 Rb3+
47. Ke4 Rxg3 48. Rb8+ Ke7 49. Bd5 Rh6 50. b6 Rh1 51. Rb7+ Kd8 52. e6 Re1+ 53.
Kd4 Rd1+ 54. Kc5 Rc3+ 55. Kd6 Rxd5+ 56. Kxd5 Rd3+ 57. Ke4 Rb3 58. Rd7+ Ke8 59.
b7 Rb4+ 60. Kf5 Rb5+ 61. Ke4 Rb6 62. Kd5 1-0

[Event "Bahn-SC Wuppertal 1 - SV Mülheim-Nord 2"]
[Site "Oberliga NRW 2017/2018"]
[Date "2017.10.15"]
[Round "2.8"]
[White "Savchenko, Daniel"]
[Black "Krueger, Andre"]
[Result "1-0"]
[WhiteElo "2047"]
[BlackElo "2053"]
[PlyCount "47"]
[EventDate "2017.??.??"]
[WhiteTeam "Bahn-SC Wuppertal 1"]
[BlackTeam "SV Mülheim-Nord 2"]

1. e4 d6 2. d4 Nf6 3. Nc3 e5 4. Nf3 Nbd7 5. Be2 Be7 6. g4 O-O 7. g5 Ne8 8. Be3
c6 9. Qd2 Nc7 10. O-O-O b5 11. Bd3 b4 12. Ne2 a5 13. h4 Bb7 14. h5 exd4 15.
Nfxd4 Nc5 16. g6 Nxd3+ 17. cxd3 Bf6 18. Rdg1 d5 19. Nf5 dxe4 20. h6 fxg6 21.
hxg7 Bxb2+ 22. Qxb2 Rxf5 23. dxe4 Rf7 24. Rxh7 1-0

[Event "SG Porz 2 - SF Essen-Katernberg  1"]
[Site "Oberliga NRW 2017/2018"]
[Date "2017.10.15"]
[Round "2.1"]
[White "Siebrecht, Sebastian"]
[Black "Mladenov, Svetlin"]
[Result "0-1"]
[WhiteElo "2410"]
[BlackElo "2399"]
[PlyCount "84"]
[EventDate "2017.??.??"]
[WhiteTeam "SF Essen-Katernberg  1"]
[BlackTeam "SG Porz 2"]

1. d4 Nf6 2. c4 g6 3. Nc3 Bg7 4. e4 O-O 5. Bd3 Nc6 6. Nf3 d6 7. d5 Nb4 8. Be2
e6 9. dxe6 Bxe6 10. O-O Re8 11. Bg5 h6 12. Bh4 g5 13. Bg3 Nh5 14. Qd2 Nxg3 15.
hxg3 f5 16. exf5 Bxf5 17. Nd4 Bg6 18. a3 Na6 19. Bd3 Bxd3 20. Qxd3 Nc5 21. Qd1
Qf6 22. Ndb5 Qf7 23. Nd5 Rad8 24. Nbxc7 Re4 25. Qc2 Rd7 26. b4 Bxa1 27. bxc5
Qh7 28. cxd6 Kh8 29. Qb1 Bd4 30. Qxb7 Rxd6 31. Rb1 Rd8 32. Qc6 Rf8 33. Rf1
Bxf2+ 34. Rxf2 Re1+ 35. Kh2 Rxf2 36. Nf6 Qb1 37. Qa8+ Kg7 38. Qg8+ Kxf6 39.
Nd5+ Kf5 40. Qc8+ Kg6 41. Qg8+ Kh5 42. g4+ Kh4 0-1

[Event "SG Porz 2 - SF Essen-Katernberg  1"]
[Site "Oberliga NRW 2017/2018"]
[Date "2017.10.15"]
[Round "2.2"]
[White "Fieberg, Samuel"]
[Black "Tomic, Bosko"]
[Result "0-1"]
[WhiteElo "2196"]
[BlackElo "2355"]
[Annotator "Daniel"]
[PlyCount "96"]
[EventDate "2017.??.??"]
[WhiteTeam "SG Porz 2"]
[BlackTeam "SF Essen-Katernberg  1"]

1. e4 c5 2. Nf3 Nc6 3. d4 cxd4 4. Nxd4 g6 5. Nc3 Bg7 6. Be3 Nf6 7. Be2 O-O 8.
f4 d6 9. O-O Bd7 10. Nb3 a6 11. Bf3 Rb8 12. Nd5 b5 13. c3 b4 14. c4 a5 15. Nd4
Ne8 16. Nxc6 Bxc6 17. Bd4 e6 18. Ne3 e5 $11 19. fxe5 Bxe5 20. Bxe5 dxe5 21.
Qxd8 Rxd8 22. Nd5 Bxd5 23. exd5 Rc8 24. b3 a4 25. Rfc1 Rc5 26. bxa4 Nd6 27.
Rab1 Rb8 28. Be2 Kg7 29. Rb3 Rbc8 30. a3 bxa3 31. Rxa3 Ra5 32. c5 Rcxc5 33.
Rxc5 Rxc5 34. a5 Rc7 35. a6 Ra7 36. Rb3 Kf8 37. Rb6 Ke7 38. Bd1 Rc7 39. Ba4 Rc5
40. Bc6 Ra5 41. Bb7 f5 42. Rb3 Ra2 43. Kf1 e4 44. Ke1 f4 45. g3 f3 46. Bc6 Rxa6
47. Bb5 Nxb5 48. Rxb5 e3 0-1

[Event "SG Porz 2 - SF Essen-Katernberg  1"]
[Site "Oberliga NRW 2017/2018"]
[Date "2017.10.15"]
[Round "2.3"]
[White "Rosen, Bernd"]
[Black "Pauly, Carlo"]
[Result "1-0"]
[WhiteElo "2262"]
[BlackElo "2268"]
[PlyCount "67"]
[EventDate "2017.??.??"]
[WhiteTeam "SF Essen-Katernberg  1"]
[BlackTeam "SG Porz 2"]

1. c4 Nf6 2. g3 g6 3. Bg2 Bg7 4. Nc3 O-O 5. e4 d6 6. Nge2 c5 7. O-O Nc6 8. d3
Ne8 9. Be3 Nc7 10. d4 cxd4 11. Nxd4 Nxd4 12. Bxd4 Bxd4 13. Qxd4 e5 14. Qd2 Ne6
15. Rad1 Nd4 16. Ne2 Nxe2+ 17. Qxe2 Be6 18. b3 Qb6 19. Rd3 a5 20. Rfd1 Rfd8 21.
a4 Ra6 22. Bf3 f6 23. Bg4 Bf7 24. Kg2 Qc5 25. h4 Rb6 26. h5 Rb4 27. Qf3 f5 28.
hxg6 Bxg6 29. Bxf5 Kg7 30. Qg4 Qc7 31. Qg5 Rb6 32. Rh1 d5 33. cxd5 Rf8 34. Rc1
1-0

[Event "SG Porz 2 - SF Essen-Katernberg  1"]
[Site "Oberliga NRW 2017/2018"]
[Date "2017.10.15"]
[Round "2.4"]
[White "Wagenknecht, Uwe"]
[Black "Wessendorf, Thomas"]
[Result "0-1"]
[WhiteElo "2214"]
[BlackElo "2196"]
[PlyCount "46"]
[EventDate "2017.??.??"]
[WhiteTeam "SG Porz 2"]
[BlackTeam "SF Essen-Katernberg  1"]

1. Nf3 g6 2. c4 Bg7 3. Nc3 d6 4. d4 f5 5. g3 Nf6 6. Bg2 O-O 7. O-O Qe8 8. b3 e5
9. dxe5 dxe5 10. e4 Nc6 11. Re1 fxe4 12. Nxe4 Nxe4 13. Qd5+ Qf7 14. Qxe4 Nd4
15. Nxd4 exd4 16. Ba3 Qxf2+ 17. Kh1 Rd8 18. Qe7 Bg4 19. Rf1 Qe3 20. Qxc7 Rd7
21. Qc5 Re8 22. Rae1 Qxe1 23. Bd5+ Rxd5 0-1

[Event "SG Porz 2 - SF Essen-Katernberg  1"]
[Site "Oberliga NRW 2017/2018"]
[Date "2017.10.15"]
[Round "2.5"]
[White "Kueppers, Timo"]
[Black "Liard, Thibaud"]
[Result "1/2-1/2"]
[WhiteElo "2124"]
[BlackElo "2153"]
[Annotator "Daniel"]
[PlyCount "106"]
[EventDate "2017.??.??"]
[WhiteTeam "SF Essen-Katernberg  1"]
[BlackTeam "SG Porz 2"]

1. c4 c5 2. g3 g6 3. Bg2 Bg7 4. Nc3 Nc6 5. e4 d6 6. Nge2 Nf6 7. O-O O-O 8. d3
Rb8 9. h3 a6 10. a4 Nd7 11. Be3 Nd4 12. Rb1 Nxe2+ 13. Qxe2 Ne5 14. d4 cxd4 15.
Bxd4 Be6 16. b3 Nf3+ 17. Qxf3 Bxd4 18. Rfd1 Bxc3 19. Qxc3 Qc8 20. e5 b5 21.
exd6 exd6 22. Rxd6 bxc4 23. b4 Rd8 24. Rbd1 Qc7 25. Qe5 Rxd6 26. Rxd6 Re8 27.
Qd4 Rc8 28. Rxa6 c3 29. Rc6 Qxc6 30. Bxc6 Rxc6 31. Qd8+ Kg7 32. Qd4+ f6 33. Qe4
Rc7 34. Qf4 Rc8 35. Qc1 c2 36. a5 Bb3 37. Kh2 Rd8 38. Qf4 Rc8 39. Qc1 Rd8 40.
Qf4 Rd1 41. Qc7+ $11 Kf8 42. Qc8+ Ke7 43. Qc7+ Ke6 44. Qc6+ Ke5 45. Qc3+ Kd6
46. Qc5+ Kd7 47. Qb5+ Ke7 48. Qc5+ Kd8 49. Qb6+ Ke8 50. Qc6+ Kf7 51. Qc7+ Kf8
52. Qc8+ Kg7 53. Qc7+ Kf8 1/2-1/2

[Event "SG Porz 2 - SF Essen-Katernberg  1"]
[Site "Oberliga NRW 2017/2018"]
[Date "2017.10.15"]
[Round "2.6"]
[White "Sabirov, Ramil"]
[Black "Dahm, Bernd"]
[Result "1-0"]
[WhiteElo "2102"]
[BlackElo "2132"]
[PlyCount "95"]
[EventDate "2017.??.??"]
[WhiteTeam "SG Porz 2"]
[BlackTeam "SF Essen-Katernberg  1"]

1. Nf3 Nf6 2. c4 e6 3. g3 b6 4. Bg2 Bb7 5. O-O Be7 6. b3 O-O 7. Bb2 c5 8. e3 d5
9. Nc3 dxc4 10. bxc4 Nc6 11. Qe2 Qd7 12. Ne1 Rad8 13. Rd1 Qc8 14. f4 Rd7 15. g4
Rfd8 16. d3 Ne8 17. f5 Bf6 18. Bh3 exf5 19. Rxf5 Ne7 20. Rf1 Qc6 21. Bg2 Qe6
22. Bxb7 Rxb7 23. Ng2 Ng6 24. h3 Bxc3 25. Bxc3 Rbd7 26. e4 Nc7 27. Rf5 Ne7 28.
Rf3 Nc6 29. Nf4 Qe7 30. Qb2 Nd4 31. Bxd4 Rxd4 32. Nd5 Nxd5 33. cxd5 Qe5 34. Qf2
Rb4 35. Rf5 Qe7 36. Rf1 f6 37. g5 Rf8 38. e5 Qf7 39. e6 Qh5 40. e7 Re8 41. gxf6
Qf7 42. fxg7 Qxg7+ 43. Kh1 Qxe7 44. Rg1+ Kh8 45. Rf7 Qd6 46. Rxh7+ Kxh7 47.
Qf7+ Kh6 48. Qg7+ 1-0

[Event "SG Porz 2 - SF Essen-Katernberg  1"]
[Site "Oberliga NRW 2017/2018"]
[Date "2017.10.15"]
[Round "2.7"]
[White "Heldt, Maximilian"]
[Black "Finke, Kai"]
[Result "1-0"]
[WhiteElo "2122"]
[BlackElo "2095"]
[PlyCount "83"]
[EventDate "2017.??.??"]
[WhiteTeam "SF Essen-Katernberg  1"]
[BlackTeam "SG Porz 2"]

1. c4 Nf6 2. g3 c6 3. Bg2 d5 4. Nf3 Bf5 5. O-O e6 6. cxd5 exd5 7. d3 Be7 8. Nd4
Bg6 9. Nc3 O-O 10. e4 Qb6 11. Nb3 Bh5 12. Qc2 Rd8 13. Ne2 Bxe2 14. Qxe2 dxe4
15. dxe4 Qa6 16. Qc2 Qd3 17. Qxd3 Rxd3 18. Be3 b6 19. Bd4 Nfd7 20. Rfc1 Bf6 21.
Bxf6 gxf6 22. Rd1 Rxd1+ 23. Rxd1 Kf8 24. Nd4 c5 25. Nf5 a6 26. e5 Ra7 27. exf6
a5 28. g4 Na6 29. Bc6 Nab8 30. Bb5 Rc7 31. g5 Ke8 32. Re1+ Kd8 33. Nd6 Ra7 34.
Nxf7+ Kc7 35. Re7 Nc6 36. Bxc6 Kxc6 37. Ne5+ Kd6 38. Rxd7+ Rxd7 39. Nxd7 Kxd7
40. Kf1 Ke6 41. Ke2 h6 42. h4 1-0

[Event "SG Porz 2 - SF Essen-Katernberg  1"]
[Site "Oberliga NRW 2017/2018"]
[Date "2017.10.15"]
[Round "2.8"]
[White "Kremser, Michael"]
[Black "Stratmann, Holger"]
[Result "0-1"]
[WhiteElo "2060"]
[BlackElo "1997"]
[PlyCount "54"]
[EventDate "2017.??.??"]
[WhiteTeam "SG Porz 2"]
[BlackTeam "SF Essen-Katernberg  1"]

1. d4 Nf6 2. c4 c5 3. d5 e6 4. Nc3 exd5 5. cxd5 d6 6. Nf3 g6 7. e4 Bg7 8. Be2
O-O 9. O-O Re8 10. Nd2 Nbd7 11. f4 a6 12. a4 Rb8 13. a5 Qe7 14. Bf3 b5 15. axb6
Nxb6 16. Na4 Nxa4 17. Rxa4 Bd7 18. Ra3 Bb5 19. Be2 Nxe4 20. Bxb5 Bd4+ 21. Kh1
axb5 22. Nxe4 Qxe4 23. f5 Qe2 24. fxg6 fxg6 25. Bh6 Qxd1 26. Rxd1 Bxb2 27. Ra7
Ra8 0-1

[Event "Bochumer SV 1 - Oberhausener SV 1"]
[Site "Oberliga NRW 2017/2018"]
[Date "2017.10.15"]
[Round "2.2"]
[White "Zatonskih, Anna"]
[Black "Litwak, Aleksej"]
[Result "1-0"]
[WhiteElo "2470"]
[BlackElo "2306"]
[PlyCount "47"]
[EventDate "2017.??.??"]
[WhiteTeam "Bochumer SV 1"]
[BlackTeam "Oberhausener SV 1"]

1. Nf3 d5 2. d4 c5 3. c4 e6 4. cxd5 exd5 5. Nc3 Nc6 6. g3 Nf6 7. Bg2 Be7 8. O-O
O-O 9. Bg5 c4 10. Ne5 Be6 11. e3 Bf5 12. Bxf6 gxf6 13. Qh5 Qc8 14. g4 Be6 15.
Nxc6 bxc6 16. h3 Rb8 17. e4 Rxb2 18. exd5 cxd5 19. Rae1 Bb4 20. Nxd5 Bxd5 21.
Bxd5 Kg7 22. Re3 Qd7 23. g5 fxg5 24. Qxg5+ 1-0

[Event "Bochumer SV 1 - Oberhausener SV 1"]
[Site "Oberliga NRW 2017/2018"]
[Date "2017.10.15"]
[Round "2.3"]
[White "Becker, Marcel"]
[Black "Schneider, Bernd"]
[Result "1/2-1/2"]
[WhiteElo "2268"]
[BlackElo "2268"]
[PlyCount "28"]
[EventDate "2017.??.??"]
[WhiteTeam "Oberhausener SV 1"]
[BlackTeam "Bochumer SV 1"]

1. d4 g6 2. c4 Bg7 3. e4 d6 4. Nc3 Nc6 5. Be3 e5 6. d5 Nce7 7. g4 f5 8. gxf5
gxf5 9. Qh5+ Ng6 10. exf5 Qh4 11. Qxh4 Nxh4 12. Nb5 Kd8 13. Nxa7 Bxf5 14. Nb5
Be4 1/2-1/2

[Event "Bochumer SV 1 - Oberhausener SV 1"]
[Site "Oberliga NRW 2017/2018"]
[Date "2017.10.15"]
[Round "2.4"]
[White "Heinbuch, Detlef Ulrich"]
[Black "Stillger, Bernhard"]
[Result "1/2-1/2"]
[WhiteElo "2239"]
[BlackElo "2303"]
[PlyCount "27"]
[EventDate "2017.??.??"]
[WhiteTeam "Bochumer SV 1"]
[BlackTeam "Oberhausener SV 1"]

1. c4 c5 2. b3 Nf6 3. Bb2 e6 4. Nf3 Be7 5. e3 O-O 6. Be2 b6 7. O-O Bb7 8. a3 d6
9. Nc3 Nbd7 10. d4 cxd4 11. Nxd4 a6 12. Bf3 Qc7 13. Qe2 Rac8 14. Rac1 1/2-1/2

[Event "Bochumer SV 1 - Oberhausener SV 1"]
[Site "Oberliga NRW 2017/2018"]
[Date "2017.10.15"]
[Round "2.5"]
[White "Kaufeld, Juergen"]
[Black "Wolter, Detlev"]
[Result "1/2-1/2"]
[WhiteElo "2259"]
[BlackElo "2211"]
[PlyCount "50"]
[EventDate "2017.??.??"]
[WhiteTeam "Oberhausener SV 1"]
[BlackTeam "Bochumer SV 1"]

1. e4 g6 2. d4 Bg7 3. Nc3 d6 4. Nge2 a6 5. g3 b5 6. Bg2 Bb7 7. O-O Nd7 8. Be3
Nb6 9. b3 Nf6 10. f3 O-O 11. Qd2 Re8 12. Rfd1 Nfd7 13. a4 b4 14. Na2 a5 15. c3
c5 16. cxb4 cxb4 17. Rac1 e6 18. Rc2 Rc8 19. Rdc1 Rxc2 20. Rxc2 Qa8 21. g4 Rc8
22. Nac1 Rxc2 23. Qxc2 Qc8 24. Qxc8+ Bxc8 25. Bf1 Ba6 1/2-1/2

[Event "Bochumer SV 1 - Oberhausener SV 1"]
[Site "Oberliga NRW 2017/2018"]
[Date "2017.10.15"]
[Round "2.6"]
[White "Kiese, Matthias"]
[Black "Kummerow, Heiko"]
[Result "1/2-1/2"]
[WhiteElo "2181"]
[BlackElo "2177"]
[PlyCount "55"]
[EventDate "2017.??.??"]
[WhiteTeam "Bochumer SV 1"]
[BlackTeam "Oberhausener SV 1"]

1. d4 Nf6 2. Nf3 g6 3. c4 Bg7 4. Nc3 O-O 5. g3 d6 6. Bg2 Nc6 7. O-O a6 8. b3
Rb8 9. Bb2 b5 10. cxb5 axb5 11. Rc1 b4 12. Na4 Na5 13. d5 Bd7 14. Nd4 e5 15.
dxe6 fxe6 16. Nc6 Nxc6 17. Bxc6 e5 18. Qd3 Be6 19. Bg2 Kh8 20. e3 Qe7 21. f4
exf4 22. exf4 Bf5 23. Qd4 Rfe8 24. Bc6 Bd7 25. Bf3 Bf5 26. Bc6 Bd7 27. Bf3 Bf5
28. Bc6 1/2-1/2